| 000 | 00945nam a2200289Ia 4500 | ||
|---|---|---|---|
| 001 | Z_1710 | ||
| 003 | CHAP | ||
| 008 | 220113s1999 xx 000 0 und d | ||
| 010 | _a164802 | ||
| 040 | _cCHAP | ||
| 090 | _aTesis G 1367 | ||
| 100 |
_aGámez Durán, Juan Carlos _948373 |
||
| 245 |
_aEfecto de la bioestimulación (separación madre-camada) sobre la receptividad y fertilidad en conejos lactantes / _cpor Juan Carlos Gámez Durán y Javier Jaimes Hernández |
||
| 260 |
_aChapingo, Méx. : _bEl autor, _c1999 |
||
| 300 | _a76 h. | ||
| 502 | _aTesis (Ing. Agr. Esp. en Zootecnia) -- UACH. Departamento de Zootecnia | ||
| 650 |
_aConejos _xFecundidad _926366 |
||
| 650 |
_aConejos _xReproducción 2 Lactancia _9138872 |
||
| 650 |
_aInseminación artificial _958964 |
||
| 700 |
_aJaimes Hernández, Javier _960931 |
||
| 901 | _aTESIS G 1367 | ||
| 902 | _aM | ||
| 910 | _a1999 | ||
| 942 | _c2 | ||
| 942 | _c2 | ||
| 999 |
_c164802 _d164802 |
||